000
00317nam a22001217a 4500
008
160420b xxu||||| |||| 00| 0 eng d
020
_a
9780323028653
020
_a
0323028659
041
_a
eng
080
_a
618.2
245
_a
Maternal Child Nursing Care:
_c
Wong Hockenberry Wilson Perry Lowdermilk;
942
_2
udc
_c
BK
999
_c
1468
_d
1468